000 00309nam a2200133Ia 4500
008 191201s2019 xx 000 0 und d
082 _a174
_bKAH
100 _aKANNAN,S
245 0 _aHuman Values And Professional Ethics
260 _aN. Delhi
_bTaxmann,s
300 _a180
650 _aBBA
942 _2ddc
_cBK
999 _c4626
_d4626